000 00638nam a22002172 4500
001 0000020802
005 20151217152222.0
008 111018s xx 000 0 eng d
020 _a0072999327 :
040 _aKABU
_cKABU
100 1 _aMcKenna, Kim.
_@0000181372
245 1 0 _aACLS Essentials basic and more /
_cKim McKenna.
250 _a1st ed.
260 _aBoston :
_bMcGraw-Hill,
_c2008.
300 _axxiii, 245 p. +
_e2 CD-ROM.
650 0 _aCardiovascular emergencies.
_@0000181373
650 0 _aCardiac resuscitation.
_@0000181374
908 _a111018
950 _@1
999 _c9507
_d9507